| 000 | 01009nam a22002777a 4500 | ||
|---|---|---|---|
| 003 | NALT | ||
| 005 | 20220221103937.0 | ||
| 008 | 200909b ||||| |||| 00| 0 eng d | ||
| 020 | _a9789741097760 | ||
| 040 | _aNALT | ||
| 050 |
_aQL 125 _bT46R 2009 |
||
| 100 | 0 |
_947157 _aThon Thamrongnawasawat |
|
| 245 | 1 | 0 |
_aReef Fauna of Thailand / _cThon Thamrongnawasawat, Puntip Wisespongpand, Parinya Limviriyakul. |
| 260 |
_aBangkok : _bAgricultural Research Development Agency (Public Organization), _c2009. |
||
| 300 |
_a457 p. : _bcol. ill. ; _c22 cm. |
||
| 650 | 4 |
_947191 _aReef animals _zThailand |
|
| 650 | 4 |
_947192 _aCoral reef fauna _zThailand |
|
| 700 | 0 |
_947194 _aPuntip Wisespongpand |
|
| 700 | 0 |
_947195 _aParinya Limviriyakul |
|
| 710 | 2 |
_947177 _aAgricultural Research Development Agency |
|
| 710 | 2 |
_947196 _aKasetsart University. _bFaculty of Fisheries |
|
| 850 | _aNALT | ||
| 942 |
_cGB _2lcc |
||
| 998 |
_abijaya _cDAO _bphon _j104 _k สายฝน ดีงาม |
||
| 999 |
_c97541 _d97541 |
||